Tilastot visalle Sanat - "Anna mulle tähtitaivas" - Katri Helena

Klikkaa tästä pelataksesi tätä visaa!

Yleistilastot

  • Tätä visaa on pelattu 173 kertaa
  • Keskiarvotulos 101 / 151

Vastaustilastot

Sanat% Oikein
Anna
100%
anna
100%
mulle
100%
tähtitaivas,
100%
valo
95%
pimeään
94%
vähän,
91%
tähän
90%
Yksinäiseen
90%
elämään
89%
rakkautta
89%
elämää
88%
että
88%
jaksan
88%
huomiseen
87%
edes
86%
sydämeen
86%
sydämeen...
86%
usko
85%
aamurusko,
81%
rohkeutta,
81%
en
62%
on
61%
59%
Miksi
53%
nää
53%
musta
52%
valoa
51%
taivas
50%
ei
48%
öisin
45%
jo
42%
Sydän
42%
mun
39%
kaipausta
38%
täynnä
38%
polttaa
36%
Liekki
34%
nyt,
34%
oon
34%
Sua
34%
sua
34%
etsin
33%
tiedä
32%
oot,
31%
Siksi
31%
etsien
30%
kuljen
30%
Missä
30%
eksynyt
29%
maailmaan
29%
paista
29%
Päivä
29%
päivä
29%
vaikka
27%
lyö,
26%
Ohikulkijoilta
26%
rinnassa
26%
kysynyt
25%
laula
25%
Linnut
24%
samanlaista
24%
iltaisin
23%
päivältä
23%
tähtien
23%
takaisin
23%
yön
23%
Sitä
22%
vanki
22%
vyön
22%
Enää
20%
lauluaan
20%
Palaisit
20%
takaa
20%
toivon
20%
pysty
19%
aamuin
17%
nauramaan
16%

Tulosjakauma

Persentiili vastausten määrän mukaan

Jokaisen tuloksen saaneiden osuus

Tuloshistoriasi

Et ole pelannut tätä visaa